Word Ladder: Didn't Even See It Coming Quiz Stats

 Plays Quiz Updated Jun 21, 2014

     
Support Sporcle.
Go Orange.
Score 0/34 Timer 03:00
0 Plays Today
Clue Four Letter Word % Correct
'Every now and ____'THEN
96.3%
Someone between the age of 12 and 20TEEN
95.7%
SlenderTHIN
93.8%
Not that ★THIS★
92.6%
Supplies needed by a golferTEES
91.5%
Pink Floyd album 'Wish You ____ Here'WERE
91.4%
Observes SEES
91.4%
Sauvignon blanc or pinot grigioWINE
90.6%
Units of a tennis matchSETS
88.4%
It's where you are, on a map★HERE★
87.7%
Skin decorations, informallyTATS
87.4%
Eat a mealDINE
87.3%
At happy hour, you might order a round of Mai ___TAIS
87.2%
Competition between the tortoise and the hareRACE
86.6%
British rock band ____ StraitsDIRE
86.2%
Young kidsTOTS
85.8%
Staple food item in Asian cuisine RICE
85%
Clue Four Letter Word % Correct
Pops a squatSITS
84.7%
Correction fluid brand ____ OutWITE
84.3%
It beats scissorsROCK
84.1%
A queue, to AmericansLINE
83.4%
Uncommon - like a star symboled Pokémon cardRARE
83.4%
Add to the payrollHIRE
82.8%
It can follow camp- or para-★SITE★
82.7%
Articles of merchandiseWARE
81.9%
According to the adage, one of forty in a napWINK
80.2%
Band with hits 'Africa' and 'Rosanna'TOTO
79.9%
The Walking Dead protagonist ★RICK★
77.8%
Protagonist of The Legend of Zelda series★LINK★
75.9%
The first two words in a Monopoly command★GO TO★
75.6%
A small indentation left on one's skinPOCK
68.5%
The 11th US PresidentPOLK
67.6%
A sampling of opinions POLL
65.9%
It might come free with your meal★ROLL★
55.8%

Today's Daily Dose

Missing Word
Brands of Alcohol

Word Ladder
A Little Room?

Get the Picture
SpongeBob Rivalry

From the Vault

Sunday Crossword: Four States

by AuroraIllumina

We're not saying these 4 states are particularly cross with each other, but you know how it goes.
Remove Ads.
Support Sporcle.
Get the best of Sporcle when you Go Orange. This ad-free experience offers more features, more stats, and more fun while also helping to support Sporcle. Thank you for becoming a member.

Show Comments

Extras

Top Quizzes Today


Score Distribution

Your Account Isn't Verified!

In order to create a playlist on Sporcle, you need to verify the email address you used during registration. Go to your Sporcle Settings to finish the process.

Report this User

Report this user for behavior that violates our Community Guidelines.

Details: